Quel Harry Potter? - Clic Quiz - Statistiques

Statistiques générales
  • Ce quiz a été pris 3 851 fois
  • Le résultat moyen est 13 sur 20
Statistiques - réponses
Hint Réponse % Correct
Où le Tournoi des Trois Sorciers se déroule La Coupe de feu
96%
Où Quirinus Quirrell est professeur de Défense contre les Forces du Mal À l'École des Sorciers
84%
Où Harry et Ron conduisent la Ford Anglia volante La Chambre des secrets
84%
Où un membre de la famille Weasley meurt Les Reliques de la Mort
79%
Où Lord Voldemort revient à la vie (dans son propre corps) La Coupe de feu
78%
Où Crache-Limaces est utilisé La Chambre des secrets
75%
Où le sortilège du Patronus est utilisé pour la première fois Le Prisonnier d'Azkaban
75%
Où Avada Kedavra est le plus utilisé Les Reliques de la Mort
75%
Où la véritable identité de Croûtard est révélée Le Prisonnier d'Azkaban
73%
Où la Coupe du Monde de Quidditch a lieu La Coupe de feu
71%
Où Harry et Ginny commencent à sortir ensemble Le Prince de sang-mêlé
64%
Où Harry Potter passe son B.U.S.E. L'Ordre du Phénix
64%
Où un horcruxe est détruit pour la première fois La Chambre des secrets
63%
Où Severus Rogue cesse d'être Maître des Potions Le Prince de sang-mêlé
63%
Où Gellert Grindelwald est tué Les Reliques de la Mort
61%
Où le nom de la mère de Severus Rogue est révélé Le Prince de sang-mêlé
57%
Où Harry commence les cours de Divination Le Prisonnier d'Azkaban
57%
Où Sirius Black apparaît pour la dernière fois (vivant) L'Ordre du Phénix
54%
Où un dragon apparaît pour la première fois À l'École des Sorciers
41%
Où le 500ème anniversaire de mort de Nick Quasi-Sans-Tête a lieu La Chambre des secrets
31%
Aucun quiz correspondant
Distribution des résultats
% des personnes avec chaque résultat
Percentile par nombre de réponses
Votre historique - résultats
Vous n’avez pas pris ce quiz